| 000 | 00424nam a22001697a 4500 | ||
|---|---|---|---|
| 003 | NUST - PNEC | ||
| 005 | 20170116180905.0 | ||
| 008 | 150902b xxu||||| |||| 00| 0 eng d | ||
| 020 | _a0132787717 | ||
| 040 | _cLIBRARY | ||
| 082 | _a620.106 BER | ||
| 100 |
_96567 _a Bertin, John J |
||
| 245 |
_aEngineering fluid mechanics _cJohn J,Bertin |
||
| 250 | _a2th ed | ||
| 650 |
_96568 _aFluid mechanics _xME |
||
| 942 |
_2ddc _cBK |
||
| 999 |
_c65060 _d65060 |
||